000 00193nam a2200085Ia 4500
008 220104s9999 xx 000 0 und d
245 0 _aPara rubber seed
650 _aPara rubber seed
942 _cBE
999 _c47584
_d47584